| 000 | 00623nam a2200193Ia 4500 | ||
|---|---|---|---|
| 003 | GCL | ||
| 008 | 140319s9999 xx 000 0 ara d | ||
| 040 |
_aGCL / _cGCL |
||
| 082 | 0 | 4 |
_a251.2 _bم ا |
| 100 | 1 | _aمحمد نجيب المطيعى | |
| 245 | 1 | 0 |
_aاحكام التصوير فى الاسلام بين الاباحة والحظر / _cمحمد نجيب المطيعى |
| 260 |
_a[S.N] : _bمكتبة المطيعى ، _c1987 |
||
| 300 | _a63 ص | ||
| 490 | _a | ||
| 650 | 0 | 4 | _aالاحكام الشرعية |
| 650 | 0 | 4 | _aالفقه الاسلامى |
| 650 | 0 | 4 | _aالحلال والحرام |
| 942 |
_2ddc _cBK |
||
| 999 |
_c35050 _d35050 |
||